Платон и Вячеслав Иванов: мифология и символизм; Известия Томского политехнического университета [Известия ТПУ]; Т. 319, № 6 : Экономика. Философия, социология и культурология

Dades bibliogràfiques
Parent link:Известия Томского политехнического университета [Известия ТПУ]/ Томский политехнический университет (ТПУ).— , 2000-
Т. 319, № 6 : Экономика. Философия, социология и культурология.— 2011.— [С. 99-101]
Autor principal: Сычева С. Г. Светлана Георгиевна
Sumari:Заглавие с титульного листа
Электронная версия печатной публикации
На примере творчества Платона и Вячеслава Ивановича Иванова решается проблема взаимодействия двух культурных эпох: классической античной Греции и модерна Серебряного века в России. Сделан вывод о том, что влияние Платона на Вячеслава Ивановича Иванова не ограничивалось философией и эстетикой, но и распространялось на его образ жизни и мировоззрение.
Idioma:rus
Publicat: 2011
Col·lecció:Философия, социология и культурология
Matèries:
Accés en línia:http://www.lib.tpu.ru/fulltext/v/Bulletin_TPU/2011/v319/i6/21.pdf
Format: MixedMaterials Electrònic Capítol de llibre
KOHA link:https://koha.lib.tpu.ru/cgi-bin/koha/opac-detail.pl?biblionumber=206577

MARC

LEADER 00000nla2a2200000 4500
001 206577
005 20231101225340.0
035 |a (RuTPU)RU\TPU\book\225204 
035 |a RU\TPU\book\225172 
090 |a 206577 
100 |a 20120113d2011 k y0rusy50 ca 
101 0 |a rus 
102 |a RU 
135 |a drnn ---uucaa 
181 0 |a i  
182 0 |a b 
200 1 |a Платон и Вячеслав Иванов: мифология и символизм  |b Электронный ресурс  |f С. Г. Сычева 
203 |a Текст  |c электронный 
215 |a 1 файл (73 Кб) 
225 1 |a Философия, социология и культурология 
230 |a Электронные текстовые данные (1 файл : 73 Кб) 
300 |a Заглавие с титульного листа 
300 |a Электронная версия печатной публикации 
320 |a [Библиогр.: с. 101 (10 назв.)] 
330 |a На примере творчества Платона и Вячеслава Ивановича Иванова решается проблема взаимодействия двух культурных эпох: классической античной Греции и модерна Серебряного века в России. Сделан вывод о том, что влияние Платона на Вячеслава Ивановича Иванова не ограничивалось философией и эстетикой, но и распространялось на его образ жизни и мировоззрение. 
337 |a Adobe Reader 
461 1 |0 (RuTPU)RU\TPU\book\176237  |t Известия Томского политехнического университета [Известия ТПУ]  |f Томский политехнический университет (ТПУ)  |d 2000- 
463 1 |0 (RuTPU)RU\TPU\book\225101  |x 1684-8519  |t Т. 319, № 6 : Экономика. Философия, социология и культурология  |v [С. 99-101]  |d 2011  |p 203 с. 
600 0 |a Платон  |c древнегреческий философ  |f 428/427-348/347 до н.э.  |2 stltpush  |3 (RuTPU)RU\TPU\pers\374  |9 186 
600 1 |a Иванов  |b В. И.  |c русский поэт  |f 1866-1949  |g Вячеслав Иванович  |c теоретик символизма  |2 stltpush  |3 (RuTPU)RU\TPU\pers\7954 
610 1 |a символизм 
610 1 |a мифология 
610 1 |a эстетика 
610 1 |a модерн 
610 1 |a Серебряный век 
610 1 |a Античная Греция 
610 1 |a труды учёных ТПУ 
610 1 |a электронный ресурс 
700 1 |a Сычева  |b С. Г.  |c российский ученый, специалист в области культурологии и социальной коммуникации  |c профессор Томского политехнического университета, доктор философских наук  |f 1966-  |g Светлана Георгиевна  |2 stltpush  |3 (RuTPU)RU\TPU\pers\27140 
801 1 |a RU  |b 63413507  |c 20090623  |g PSBO 
801 2 |a RU  |b 63413507  |c 20211229  |g PSBO 
856 4 |u http://www.lib.tpu.ru/fulltext/v/Bulletin_TPU/2011/v319/i6/21.pdf 
942 |c CF